| 000 -LEADER |
| fixed length control field |
00640nam a22001577a 4500 |
| 005 - DATE AND TIME OF LATEST TRANSACTION |
| control field |
20231110172707.0 |
| 008 - FIXED-LENGTH DATA ELEMENTS--GENERAL INFORMATION |
| fixed length control field |
231110s2005 ru ||||| |||| 00| 0 rus d |
| 041 ## - LANGUAGE CODE |
| Language code of text/sound track or separate title |
rus |
| 080 ## - UNIVERSAL DECIMAL CLASSIFICATION NUMBER |
| Universal Decimal Classification number |
902(32) +930.85 Б-41 |
| 100 ## - MAIN ENTRY--PERSONAL NAME |
| Personal name |
Бейджент, Майкл. |
| 9 (RLIN) |
20339 |
| 245 ## - TITLE STATEMENT |
| Title |
Запретная археология : |
| Remainder of title |
Сенсации и мистификации древней и ранней истории / |
| Statement of responsibility, etc. |
Майкл Бейджент. |
| 264 ## - PRODUCTION, PUBLICATION, DISTRIBUTION, MANUFACTURE, AND COPYRIGHT NOTICE |
| Place of production, publication, distribution, manufacture |
Москва: |
| Name of producer, publisher, distributor, manufacturer |
Эксмо, |
| Date of production, publication, distribution, manufacture, or copyright notice |
2005. |
| 300 ## - PHYSICAL DESCRIPTION |
| Extent |
320с. : |
| Other physical details |
ил. ; |
| Dimensions |
21см. |
| 653 ## - INDEX TERM--UNCONTROLLED |
| keyword |
ცივილიზაციის ისტორია |
| 942 ## - ADDED ENTRY ELEMENTS (KOHA) |
| Source of classification or shelving scheme |
|
| Koha item type |
წიგნი |